Crime and criminology / (Record no. 4627)

MARC details
000 -LEADER
fixed length control field 00795nam a2200217 a 4500
020 ## - INTERNATIONAL STANDARD BOOK NUMBER
ISBN 0697352994 (pbk.)
020 ## - INTERNATIONAL STANDARD BOOK NUMBER
ISBN 9780697352996
020 ## - INTERNATIONAL STANDARD BOOK NUMBER
ISBN 0697289214 (casebound)
050 00 - CALL NUMBER
Classification number HV6025
Item number .R515
100 1# - AUTHOR
Personal name Reid, Sue Titus.
245 10 - TITLE
Title Crime and criminology /
Statement of responsibility, etc Sue Titus Reid.
250 ## - EDITION
Edition statement 8th ed.
260 ## - PUBLICATION INFORMATION
Place of publication Madison, WI :
Name of publisher Brown & Benchmark,
Year of publication c1997.
300 ## - DESCRIPTION
Number of Pages lviii, 614 p. :
Other physical details ill. (some col.), maps (some col.) ;
Dimensions 28 cm.
500 ## - NOTES
General note Includes index.
505 ## - FORMATTED CONTENTS NOTE
Table of Content Introduction to the study of crime and criminology --<br/>Explanations of criminal behavior --<br/>Typologies of crime --<br/>The criminal justice system --<br/>Social reaction to crime: corrections.
650 #0 - SUBJECTS
Topical Term Criminology.
650 #0 - SUBJECTS
Topical Term Crime
650 #0 - SUBJECTS
Topical Term Criminal justice, Administration of
942 ## - ADDED ENTRY ELEMENTS (KOHA)
Koha item type Books
Holdings
Withdrawn status Lost status Collection code Home library Current library Shelving location Date acquired Full call number Accession Number Koha item type
    Reference Methodist University Library Main Methodist University Law Library General Stacks   HV6025 .R515 11802 Books
    Reference Methodist University Library Main Methodist University Law Library General Stacks   HV6025 .R515 25917 Books
    Reference Methodist University Library Main Methodist University Law Library General Stacks   HV6025 .R515 25916 Books
    Reference Methodist University Library Main Methodist University Law Library General Stacks   HV6025 .R515 11801 Books
Copyright © 2026  MUG Library